[Event "Avoine op 25th"]
[Site "Avoine"]
[Date "2010.07.23"]
[Round "7"]
[White "Fruteau, Sabine"]
[Black "Gallet, Antoine"]
[Result "1/2-1/2"]
[WhiteElo "2142"]
[BlackElo "1870"]
[PlyCount "94"]
[EventDate "2010.07.17"]
[EventType "swiss"]
[EventRounds "9"]
[EventCountry "FRA"]
[SourceTitle "EXT 2011"]
[Source "ChessBase"]
[SourceDate "2010.11.26"]
[SourceVersion "1"]
[SourceVersionDate "2010.11.26"]
[SourceQuality "1"]

1. e4 e5 2. Nf3 Nc6 3. Bc4 Bc5 4. c3 Nf6 5. d3 d6 6. 0-0 a6 7. Bb3 0-0 8. Be3 Be6 9. Bc2 Bxe3 10. fxe3 d5 11. exd5 Nxd5 12. Qe1 h6 13. d4 exd4 14. exd4 Nf6 15. Nbd2 Re8 16. Qg3 Qd6 17. Qxd6 cxd6 18. Rfe1 d5 19. h3 Rac8 20. Bd3 Nh5 21. Nb3 Nf4 22. Bf1 Rcd8 23. Nc5 Bc8 24. Kf2 Ne6 25. Nd3 Nc7 26. g3 Rxe1 27. Rxe1 Re8 28. Bg2 Rxe1 29. Nfxe1 Ne7 30. Nc2 b6 31. Ne3 Bb7 32. c4 g5 33. Nb4 a5 34. Nbxd5 Bxd5 35. cxd5 Nb5 36. Nc4 Nc8 37. Ke3 Nbd6 38. Kd3 Nxc4 39. Kxc4 Nd6+ 40. Kd3 f5 41. Bf3 Kf7 42. g4 f4 43. a4 Ke7 44. Bd1 Kd7 45. Bc2 Ke7 46. Kc3 Kf6 47. Bd3 Ke7 1/2-1/2

[Event "Avoine op 25th"]
[Site "Avoine"]
[Date "2010.07.21"]
[Round "5"]
[White "Bry, Stephane"]
[Black "Gallet, Antoine"]
[Result "1-0"]
[WhiteElo "2084"]
[BlackElo "1870"]
[PlyCount "79"]
[EventDate "2010.07.17"]
[EventType "swiss"]
[EventRounds "9"]
[EventCountry "FRA"]
[SourceTitle "EXT 2011"]
[Source "ChessBase"]
[SourceDate "2010.11.26"]
[SourceVersion "1"]
[SourceVersionDate "2010.11.26"]
[SourceQuality "1"]

1. e4 e5 2. Nf3 Nc6 3. Bc4 Bc5 4. c3 Nf6 5. d3 d6 6. Nbd2 a6 7. Bb3 0-0 8. h3 Be6 9. Bc2 Ba7 10. 0-0 d5 11. Qe2 dxe4 12. Nxe4 Nxe4 13. Qxe4 Bd5 14. Qg4 f5 15. Qg3 Bxf3 16. Qxf3 Qh4 17. Be3 Bxe3 18. fxe3 Rae8 19. d4 e4 20. Qe2 Rf6 21. b4 Qg3 22. a4 Ne7 23. c4 Rh6 24. Kh1 Rf8 25. c5 Rff6 26. Rf2 Kh8 27. Raf1 Nd5 28. Re1 Nxb4 29. Bb1 Nd5 30. Ba2 Nc3 31. Qc2 Nxa2 32. Qxa2 Rfg6 33. Qd2 Rh4 34. Rb1 b6 35. Qc2 h6 36. cxb6 cxb6 37. Qc8+ Kh7 38. Qxf5 Qxe3 39. Rxb6 Rxh3+ 40. gxh3 1-0

[Event "Nord Pas de Cal-chT"]
[Site "Lille"]
[Date "2004.??.??"]
[Round "2.10"]
[White "Legrand, Patrick A"]
[Black "Gallet, Antoine"]
[Result "1-0"]
[WhiteElo "1994"]
[BlackElo "1499"]
[PlyCount "53"]
[EventDate "2004.04.??"]
[EventType "team-swiss"]
[EventRounds "7"]
[EventCountry "FRA"]
[SourceTitle "EXT 2005"]
[Source "ChessBase"]
[SourceDate "2004.11.15"]
[SourceVersion "1"]
[SourceVersionDate "2004.11.15"]
[SourceQuality "1"]

1. e4 e5 2. Nc3 Nf6 3. f4 d5 4. fxe5 Nxe4 5. d3 Nxc3 6. bxc3 Be7 7. Nf3 0-0 8. Be2 Be6 9. 0-0 Nd7 10. Qe1 Nc5 11. Qg3 Kh8 12. Rb1 Rb8 13. Ng5 h6 14. Nxe6 Nxe6 15. Be3 c5 16. Bh5 Bh4 17. Qg4 Bg5 18. Bxg5 Nxg5 19. h4 g6 20. Bxg6 fxg6 21. hxg5 h5 22. Qe6 Qxg5 23. Qxd5 Qe3+ 24. Kh1 Rf2 25. Rbe1 Rxf1+ 26. Rxf1 Qe2 27. Rf4 1-0

[Event "Nord Pas de Cal-chT"]
[Site "Lille"]
[Date "2004.??.??"]
[Round "4.10"]
[White "Mestdagh, Franck"]
[Black "Gallet, Antoine"]
[Result "0-1"]
[WhiteElo "1980"]
[BlackElo "1499"]
[PlyCount "112"]
[EventDate "2004.04.??"]
[EventType "team-swiss"]
[EventRounds "7"]
[EventCountry "FRA"]
[SourceTitle "EXT 2005"]
[Source "ChessBase"]
[SourceDate "2004.11.15"]
[SourceVersion "1"]
[SourceVersionDate "2004.11.15"]
[SourceQuality "1"]

1. Nf3 d5 2. d4 Nf6 3. g3 Bf5 4. Bg2 e6 5. 0-0 Be7 6. c4 c6 7. Nc3 Nbd7 8. Qb3 Qb6 9. c5 Qa6 10. Nd2 0-0 11. Re1 b6 12. e4 dxe4 13. Bf1 Qc8 14. cxb6 Nxb6 15. Ndxe4 Nxe4 16. Nxe4 c5 17. Nxc5 Bxc5 18. dxc5 Qxc5 19. Be3 Qa5 20. Bg2 Rac8 21. Rec1 h6 22. a3 Rfd8 23. h4 e5 24. Qb4 Qxb4 25. axb4 Nc4 26. Rxa7 Nxe3 27. Rxc8 Rxc8 28. fxe3 Rc1+ 29. Kf2 Rc2+ 30. Kf3 Rxb2 31. Rb7 g5 32. hxg5 hxg5 33. g4 Be6 34. Rb8+ Kg7 35. Rb5 Kg6 36. Bf1 e4+ 37. Kxe4 Bxg4 38. Rb6+ f6 39. Bc4 Bd7 40. Kf3 g4+ 41. Kf4 Rf2+ 42. Ke4 g3 43. Bd5 g2 44. Rb8 Kh7 45. Rg8 Bc6 46. Rg3 Bb5 47. Kd4 Bf1 48. Kc5 Rf5 49. b5 Rg5 50. Rxg5 fxg5 51. Bxg2 Bxg2 52. b6 Kg6 53. Kd4 Kf5 54. Kd3 g4 55. Ke2 g3 56. Kd3 Bf3 0-1